El Azúcar se ahogó en la melaza: quinientos años de azúcar
Salvato in:
| Autore principale: | |
|---|---|
| Ente Autore: | |
| Natura: | testo |
| Pubblicazione: |
San Domingo:
Instituto Tecnológico de Santo Domingo
|
| Soggetti: | |
| Tags: |
Aggiungi Tag
Nessun Tag, puoi essere il primo ad aggiungerne!!
|
MARC
| LEADER | 00000 a a2200000 04500 | ||
|---|---|---|---|
| 001 | 27243 | ||
| 003 | |||
| 040 | |a CRAI/IIS |c CRAI/IIS | ||
| 020 | |a 84-89525-62-5 | ||
| 090 | |a 184200 | ||
| 100 | |a Cuevas P, Héctor E. | ||
| 110 | |a Instituto Tecnológico de Santo Domingo | ||
| 245 | |a El Azúcar se ahogó en la melaza: quinientos años de azúcar | ||
| 260 | |a San Domingo: |b Instituto Tecnológico de Santo Domingo | ||
| 300 | |a 227 p |b il. | ||
| 650 | |a CAÑA DE AZUCAR | ||
| 650 | |a HISTORIA | ||
| 650 | |a COMERCIALIZACION | ||
| 999 | |c 4430 |d 4430 | ||



